000
00251nam a2200097Ia 4500
001
1300166
005
20260420095859.0
008
260420s9999 xx 000 0 und d
245
0
_a
KÜÇÜK GAZETECİ
_c
ÖZLEM AYTEK
260
_b
TİMAŞ ÇOCUK YAYINLARI
999
_c
1300166
_d
1300166